|
|
|
|
| LEADER |
00000nas a2200000 a 4500 |
| 001 |
ssj0011245 |
| 003 |
WaSeSS |
| 005 |
20200512172242.0 |
| 006 |
m d |
| 007 |
cr n |
| 008 |
990831c19269999nyuqr p s gw 0 a0eng c |
| 010 |
|
|
|a 2007266133
|
| 022 |
|
|
|a 2168-8796
|y 0036-2905
|
| 035 |
|
|
|a (WaSeSS)ssj0011245
|
| 037 |
|
|
|b St. John's Law Review Ass'n, Fromkes Hall, Grand Central and Utopia Parkways, Jamaica, NY 11439
|
| 040 |
|
|
|a AAA
|b eng
|c AAA
|d OCL
|d OCLCQ
|d EYM
|d HUA
|d MUQ
|d DOS
|d OCLCQ
|d DLC
|d OCLCQ
|d OCLCF
|d OCLCQ
|d OCLCA
|d NTG
|d WaSeSS
|
| 042 |
|
|
|a pcc
|a nsdp
|
| 043 |
|
|
|a n-us-ny
|
| 050 |
|
4 |
|a K23
|b .A33
|
| 082 |
1 |
0 |
|a 340.05
|b S1 J6
|2 14
|
| 130 |
0 |
|
|a St. John's law review (Online)
|
| 222 |
|
0 |
|a St. John's law review
|b (Online)
|
| 245 |
1 |
0 |
|a St. John's law review
|h [electronic resource].
|
| 246 |
1 |
3 |
|a Saint John's law review
|
| 246 |
1 |
3 |
|a St. John's L. Rev
|
| 260 |
|
|
|a New York, N.Y. :
|b St. John's Law Review Association
|
| 310 |
|
|
|a Quarterly,
|b July 1966-
|
| 321 |
|
|
|a Quarterly,
|b 1926-
|
| 321 |
|
|
|a Semiannual,
|b -May 1966
|
| 362 |
1 |
|
|a Began with vol. 1, no. 1 (Dec. 1926).
|
| 500 |
|
|
|a Imprint varies.
|
| 506 |
|
|
|a License restrictions may limit access.
|
| 538 |
|
|
|a Mode of access: World Wide Web.
|
| 555 |
|
|
|a Vol. 38 (1963)-47 (1973), in v. 47; Vol. 1 (1926)-v. 50 (1976). 1 v.
|
| 588 |
|
|
|a Description based on first issue; title from table of contents page (Hein Online, viewed Dec. 19, 2007).
|
| 588 |
|
|
|a Latest issue consulted: Vol. 85, issue 3 (summer 2011) (EBSCO host website, viewed July 23, 2012).
|
| 650 |
|
0 |
|a Law reviews
|z New York (State)
|
| 650 |
|
0 |
|a Law
|v Periodicals.
|
| 650 |
|
6 |
|a Revues de droit
|z New York (État)
|
| 650 |
|
6 |
|a Revues de droit.
|
| 650 |
|
7 |
|a Law.
|2 fast
|0 (OCoLC)fst00993678
|
| 650 |
|
7 |
|a Law reviews.
|2 fast
|0 (OCoLC)fst00994120
|
| 651 |
|
7 |
|a New York (State)
|2 fast
|0 (OCoLC)fst01210280
|
| 655 |
|
0 |
|a Electronic journals.
|
| 710 |
2 |
|
|a St. John's University (New York, N.Y.).
|b School of Law.
|
| 776 |
0 |
8 |
|i Print version:
|t St. John's law review
|x 0036-2905
|w (DLC) 29029870
|w (OCoLC)1764779
|
| 856 |
4 |
0 |
|z Full text available from Research Library: 01/01/1996 to present
|u https://search.proquest.com/publication/32017
|